El mundo como voluntad y representación (volumen primero) /
Guardado en:
| Autor Principal: | |
|---|---|
| Otros Autores: | |
| Formato: | Libro |
| Idioma: | Undetermined |
| Publicado: |
Madrid :
Gredos,
2014.
|
| Series: | Grandes pensadores
|
| Materias: | |
| Etiquetas: |
Agregar Etiqueta
Sin Etiquetas, Sea el primero en etiquetar este registro!
|
| LEADER | 01993nam a22002055a 4500 | ||
|---|---|---|---|
| 001 | CEM.cems020582 | ||
| 008 | 231025s2014####sp############000#0#und#d | ||
| 005 | 20231025205251.0 | ||
| 245 | 1 | 0 | |a El mundo como voluntad y representación (volumen primero) / |c Arthur Schopenhauer ; estudio introductorio por Luis Fernando Moreno Claros. |
| 260 | |a Madrid : |b Gredos, |c 2014. | ||
| 300 | |a 604 p. | ||
| 490 | 1 | |a Grandes pensadores | |
| 505 | 0 | |a Estudio introductorio -- Arthur Schopenhauer, el filósofo pesimista -- La vida de Schopenhauer -- La filosofía de Schopenhauer -- El filósofo pesimista o la negrura de la existencia -- El filósofo metafísico o el desciframiento del enigma del mundo -- "Fruto de la existencia entera": la obra completa de Schopenhauer -- Un libro capital: "El mundo como voluntad y representación" -- "Un único pensamiento" -- Plantón, Kant y las "Upanisad" -- El "sistema" de Schopenhauer -- La teoría del conocimiento: representación e idealismo -- Sobre la cuádruple raíz o Schopenhauer desengañado de casualidad -- El cerebro como el "aparato de la representación" -- La metafísica de la voluntad -- La percepción interior -- El cuerpo y la voluntad -- Nota sobre la libertad del ser humano -- Características de la voluntad de vivir -- La expresión de la voluntad y sus grados de objetivación -- La lucha de todos contra todos -- Los fundamentos de la teoría estética -- Belleza y genio artístico -- La aprehensión liberadora de la belleza -- Reflexiones acerca de las distintas artes -- Los fundamentos de la teoría ética -- Epifilosofía -- Cronología -- Glosario -- El mundo como representación -- El mundo como voluntad -- Apéndice: crítica de la filosofía kantiana | |
| 020 | |a 9788447377862 | ||
| 100 | 1 | |a Schopenhauer, Arthur. | |
| 700 | 1 | |a Moreno Claros, Luis Fernando; pról. | |
| 653 | |a Filosofía alemana | ||
| 653 | |a Pesimismo filosófico | ||
| 653 | |a Filosofía | ||
| 859 | |a CEMS |b BIB. CEMS - 11 de abril |h 193 |i Sch65-2 |p 29772.23 |t Ej.1 |3 I | ||
